Effect of telephone 2,5% on rubber yield of clone (PB235) at chup experimental block 89D, ប្រសិទ្ធភាពនៃអេតេហ្វូន២,៥%លើទិន្នផលកៅស៊ូពូជ(PB៣៥)នៅជុបឡូតិ៍ពីសោធន៍ ៨៩ដេ (Record no. 1402)
[ view plain ]
| 000 -LEADER | |
|---|---|
| fixed length control field | 00653nam a22001577a 4500 |
| 003 - CONTROL NUMBER IDENTIFIER | |
| control field | OSt |
| 005 - DATE AND TIME OF LATEST TRANSACTION | |
| control field | 20150928150922.0 |
| 008 - FIXED-LENGTH DATA ELEMENTS--GENERAL INFORMATION | |
| fixed length control field | 150928b xxu||||| |||| 00| 0 eng d |
| 040 ## - CATALOGING SOURCE | |
| Transcribing agency | RUA |
| 082 ## - DEWEY DECIMAL CLASSIFICATION NUMBER | |
| Classification number | ATM.Sp YEA 2003 B059 Or.1 |
| 100 ## - MAIN ENTRY--PERSONAL NAME | |
| 9 (RLIN) | 1491 |
| Personal name | YEAT, SOKNY. |
| 245 ## - TITLE STATEMENT | |
| Title | Effect of telephone 2,5% on rubber yield of clone (PB235) at chup experimental block 89D, ប្រសិទ្ធភាពនៃអេតេហ្វូន២,៥%លើទិន្នផលកៅស៊ូពូជ(PB៣៥)នៅជុបឡូតិ៍ពីសោធន៍ ៨៩ដេ |
| 260 ## - PUBLICATION, DISTRIBUTION, ETC. (IMPRINT) | |
| Place of publication, distribution, etc. | Phnom Penh |
| Name of publisher, distributor, etc. | RUA |
| Date of publication, distribution, etc. | 2003 |
| 300 ## - PHYSICAL DESCRIPTION | |
| Extent | 62p. |
| Other physical details | ill. |
| Dimensions | 29cm. |
| 942 ## - ADDED ENTRY ELEMENTS (KOHA) | |
| Source of classification or shelving scheme | |
| Koha item type | ATM.s |
| Price effective from | Date last seen | Permanent Location | Not for loan | Date acquired | Source of classification or shelving scheme | Koha item type | Barcode | Lost status | Damaged status | Shelving location | Withdrawn status | Current Location | Full call number |
|---|---|---|---|---|---|---|---|---|---|---|---|---|---|
| 2015-09-28 | 2015-09-28 | Library Block B | 2015-09-28 | ATM.s | RUA001596 | B059 | Library Block B | ATM.Sp YEA 2003 B059 Or.1 | |||||
| 2015-09-28 | 2015-09-28 | Library Block B | 2015-09-28 | ATM.s | RUA001393 | B059 | Library Block B | ATM.Sp YEA 2003 B059 Or.2 | |||||
| 2015-09-28 | 2015-09-28 | Library Block B | 2015-09-28 | ATM.s | RUA001474 | B059 | Library Block B | ATM.Sp YEA 2003 B059 Or.3 | |||||
| 2015-09-28 | 2015-09-28 | Library Block B | 2015-09-28 | ATM.s | RUA001615 | B059 | Library Block B | ATM.Sp YEA 2003 B059 Or.4 | |||||
| 2015-11-06 | 2015-11-06 | Library Block B | 2015-11-06 | ATM.s | RUA034132 | Library Block B | ATM.Sp YEA 2003 B059 Or.5 | ||||||
| 2016-01-25 | 2016-01-25 | Library Block B | 2016-01-25 | ATM.s | RUA44561 | B059 | Library Block B | ATM.Sp YEA 2003 B059 Or.6 |